000 00310nam a2200121Ia 4500
008 191129s9999 xx 000 0 und d
020 _a9781338113822
100 _aStorm, Tallia
245 _cTallia Storm
_aPop girl/
260 _aUK:
_bScholastic Inc.
_c2017
300 _a314 p. ;
_c20 cm.
650 _aFiction
999 _c362798
_d362798